Tout les joueurs français ayant participé aux worlds Rocket League - Statistiques

Statistiques générales
  • Ce quiz a été pris 278 fois
  • Le résultat moyen est 55 sur 79
Statistiques - réponses
Hint Team Réponse % Correct
RLCS 2022-23 Team Vitality Zen
98%
RLCS 2024 Team Vitality Zen
98%
Saison 2 Precision Z Kaydop
96%
Saison 3 Mock-It eSports EU Kaydop
96%
Saison 4 Gale Force eSports Kaydop
96%
Saison 5 Team Dignitas Kaydop
96%
Saison 6 Dignitas Kaydop
96%
Saison 7 Renault Vitality Kaydop
96%
Saison 8 Renault Vitality Kaydop
96%
Saison 9 RLCS Europe Renault Vitality Kaydop
96%
RLCS X European Championship Team Vitality Kaydop
96%
RLCS 2021-22 Moist Esports Vatira
95%
RLCS 2022-23 Karmine Corp Vatira
95%
RLCS 2024 Karmine Corp Vatira
95%
RLCS X European Championship Team BDS Monkey Moon
90%
RLCS 2021-22 Team BDS Monkey Moon
90%
RLCS 2022-23 Team BDS Monkey Moon
90%
RLCS 2024 Team BDS Monkey Moon
90%
Saison 7 FC Barcelona Alpha54
88%
Saison 9 RLCS Europe Renault Vitality Alpha54
88%
RLCS X European Championship Team Vitality Alpha54
88%
RLCS 2022-23 Team Vitality Alpha54
88%
RLCS 2024 Team Vitality Alpha54
88%
Saison 3 Mock-It eSports EU Fairy Peak
88%
Saison 4 Mock-It eSports Fairy Peak
88%
Saison 5 Renault Vitality Fairy Peak
88%
Saison 7 Renault Vitality Fairy Peak
88%
Saison 8 Renault Vitality Fairy Peak
88%
Saison 9 RLCS Europe Renault Vitality Fairy Peak
88%
RLCS X European Championship Team Vitality Fairy Peak
88%
RLCS 2024 (coach) Team Vitality Fairy Peak
88%
RLCS 2022-23 Team Vitality Radosin
87%
RLCS 2024 Team Vitality Radosin
87%
RLCS 2021-22 Team BDS Seikoo
87%
RLCS 2022-23 Team BDS Seikoo
87%
RLCS 2024 Gentle Mates Alpine Seikoo
87%
RLCS 2022-23 Moist Esports Juicy
83%
RLCS 2024 Gentle Mates Alpine Juicy
83%
Saison 3 The Leftovers Ferra
78%
Saison 4 PSG eSports Ferra
78%
Saison 6 PSG Esports Ferra
78%
Saison 7 PSG Esports Ferra
78%
Saison 8 Team Reciprocity Ferra
78%
Saison 9 RLCS Europe Team Reciprocity Ferra
78%
RLCS X European Championship Solary Ferra
78%
RLCS 2022-23 (coach) Team Vitality Ferra
78%
RLCS 2024 (coach) Karmine Corp Ferra
78%
RLCS 2021-22 SMPR Esports Exotiik
76%
RLCS 2022-23 Karmine Corp Exotiik
76%
RLCS 2024 Team BDS Exotiik
76%
Saison 4 PSG eSports Chausette45
69%
Saison 6 PSG Esports Chausette45
69%
Saison 7 PSG Esports Chausette45
69%
Saison 8 Team Reciprocity Chausette45
69%
Saison 9 RLCS Europe Team Reciprocity Chausette45
69%
RLCS X European Championship Solary Chausette45
69%
RLCS 2021-22 SMPR Esports Chausette45
69%
Saison 7 Triple Trouble Kassio
60%
Saison 8 Veloce Esports Kassio
60%
Saison 9 RLCS Europe Veloce Esports Kassio
60%
RLCS X European Championship Top Blokes Kassio
60%
RLCS 2021-22 SMPR Esports Kassio
60%
RLCS 2024 (coach) Team BDS Kassio
60%
Saison 9 RLCS Europe AS Monaco Esports Extra
56%
RLCS X European Championship Team BDS Extra
56%
RLCS 2021-22 Team BDS Extra
56%
RLCS 2021-22 (coach) Team BDS Mew
34%
RLCS 2022-23 (coach) Team BDS Mew
34%
RLCS 2021-22 (coach) SMPR Esports Finish
12%
Saison 6 (remplaçant) PSG Esports Mout
11%
Saison 7 (remplaçant) PSG Esports Mout
11%
Saison 9 RLCS Europe (remplaçant) Renault Vitality Mout
11%
RLCS X European Championship (coach) Team Vitality Mout
11%
RLCS 2022-23 région SSA Valiant Wiiilooo
10%
Saison 7 (remplaçant) Renault Vitality Neqzo
3%
Saison 8 (remplaçant) Team Reciprocity Neqzo
3%
RLCS X European Championship (remplaçant) Solary Neqzo
3%
RLCS 2022-23 région SSA (coach) Valiant Leoxyyyy
2%
RLCS X European Championship (coach) Solary Moon Phases
1%
Aucun quiz correspondant
Distribution des résultats
% des personnes avec chaque résultat
Percentile par nombre de réponses
Votre historique - résultats
Vous n’avez pas pris ce quiz